|
|
|
|
| LEADER |
00000nam a2200000 a 4500 |
| 001 |
1/127334 |
| 008 |
230926s2008####cy | ||| |||| ||gre|| |
| 020 |
|
|
|a 9789963620494
|q (τ.7)
|
| 040 |
|
|
|a GR-MyUa
|b gre
|c GR-MyUa
|e AACR2
|
| 041 |
0 |
|
|a gre
|
| 082 |
7 |
|
|a 889.38
|2 (23)
|
| 100 |
1 |
|
|a Ιωαννίδης, Κλείτος,
|d 1944-
|
| 245 |
1 |
0 |
|a Πρόσωπα και ιδέες /
|c Κλείτου Ιωαννίδη.
|
| 260 |
|
|
|a Λευκωσία :
|b Αρμίδα,
|c 2008.
|
| 300 |
|
|
|a τ. ;
|c 24 εκ.
|
| 505 |
8 |
|
|a Τ.7. Λόγος, τέχνες, πολιτική, δημοσιογραφία, έρευνα
|
| 650 |
|
0 |
|a Greek literature, Modern
|z Cyprus
|x History and critisism.
|
| 650 |
|
0 |
|a Interviews
|
| 740 |
0 |
|
|a Λόγος, τέχνες, πολιτική, δημοσιογραφία, έρευνα
|
| 852 |
|
|
|a INST
|b RHODES
|e 20230926
|h 889.38 ΙΩΑ
|p 005400043779
|q 005400043779
|t BK
|v τομ.7:
|y 0
|
| 853 |
|
|
|a INST
|b RHODES
|h 889.38 ΙΩΑ
|
| 970 |
|
|
|z 26-09-2023
|